000 00585nam a2200193Ia 4500
003 GCL
008 140319s9999 xx 000 0 ara d
040 _aGCL /
_cGCL
082 0 4 _a814.008
_bن م
100 1 _aنبيل خورى
245 1 0 _aالمقالات الغاضبة رأى من لا رأى لهم /
_cنبيل خورى
260 _a[S.N] :
_bرياض الريس للكتب والنشر ،
_c1993
300 _a554 ص
490 _a
650 0 4 _aالادب العربى
650 0 4 _aالمقالات العربية
650 0 4 _aالمجموعات
942 _2ddc
_cBK
999 _c58854
_d58854